| 000 | 00399nam a22001697a 4500 | ||
|---|---|---|---|
| 003 | NUST | ||
| 020 | _a81-203-2724-1 | ||
| 038 | _aKhadija | ||
| 082 |
_a621.89 _bSAH |
||
| 100 |
_aSahoo, Prasanta. _987153 |
||
| 245 |
_aEngineering Tribology / _cPrasanta Sahoo |
||
| 260 |
_aNew delhi : _bPrentice Hall, _c2005. |
||
| 300 | _a322 p. ; | ||
| 500 | _aPaperback. | ||
| 563 | _aPB | ||
| 942 |
_cBK _2ddc |
||
| 999 |
_c32750 _d32750 |
||